Renards de fiction - Statistiques

Statistiques générales
  • Ce quiz a été pris 24 fois
    4 depuis la dernière actualisation
  • Le résultat moyen est 11 sur 23
Statistiques - réponses
Renard de fiction Univers % Correct
Chipeur Dora l'exploratrice
100%
Renart Le Roman de Renart
100%
Kurama/Kyubi Naruto
100%
Feunard Pokémon
100%
Marianne Robin des Bois
100%
Rox Rox et Rouky
100%
Tails Sonic The Hedgehog
100%
Fox McCloud Starfox
100%
Nick Wilde Zootopie
100%
Foxy Fox Fantastic Mr.Fox
50%
Raffin Franklin
50%
Grand Coquin Pinocchio
50%
Muzo Placid et Muzo
50%
Rounard Animal Crossing
0%
Uke Blue Exorcist
0%
Kitsoune Dofus
0%
Kaeden Fire Emblem Fates
0%
Shippo Inu-Yasha
0%
Ahri League of Legends
0%
Smirre Le Merveilleux Voyage de Nils Holgersson à travers la Suède
0%
Kyuni Okami
0%
Ryutaro Pompoko
0%
Kira Yukimura Teen Wolf
0%
Aucun quiz correspondant
Distribution des résultats
% des personnes avec chaque résultat
Percentile par nombre de réponses
Votre historique - résultats
Vous n’avez pas pris ce quiz depuis la dernière actualisation